Crystal Palace Squad 2016-2017 - Statistics

General Stats
  • This quiz has been taken 10 times
  • The average score is 20 of 32
Answer Stats
# Position Nation Player % Correct
3 DF Netherlands Patrick van Aanholt
100%
18 MF Scotland James McArthur
89%
1 GK Argentina Julián Speroni
89%
12 DF France Mamadou Sakho
89%
11 FW Ivory Coast Wilfried Zaha
89%
7 MF France Yohan Cabaye
89%
- Coach England Alan Pardew
78%
17 FW Belgium Christian Benteke
78%
5 DF England James Tomkins
78%
31 DF Ghana Jeffrey Schlupp
78%
2 DF England Joel Ward
78%
13 GK Wales Wayne Hennessey
78%
10 FW England Andros Townsend
67%
26 FW Mali Bakary Sako
67%
14 FW South Korea Chung-yong Lee
67%
27 DF Ireland Damien Delaney
67%
28 MF Serbia Luka Milivojević
67%
6 DF England Scott Dann
67%
30 GK France Steve Mandanda
67%
21 FW England Connor Wickham
56%
42 FW England Jason Puncheon
56%
16 MF Wales Joe Ledley
56%
23 DF Senegal Pape Souaré
56%
- Coach England Sam Allardyce
56%
9 FW England Fraizer Campbell
44%
22 MF England Jordon Mutch
44%
34 DF England Martin Kelly
44%
4 MF France Mathieu Flamini
33%
25 FW Sierra Leone Sullay Kaikai
33%
8 FW France Loïc Rémy
22%
19 DF England Zeki Fryers
22%
32 FW Ghana Kwesi Appiah
11%
No matching quizzes found
Score Distribution
Percent of People with Each Score
Percentile by Number Answered
Your Score History
You have not taken this quiz